<?xml version="1.0" encoding="UTF-8"?>
<record
    xmlns:xsi="http://www.w3.org/2001/XMLSchema-instance"
    xsi:schemaLocation="http://www.loc.gov/MARC21/slim http://www.loc.gov/standards/marcxml/schema/MARC21slim.xsd"
    xmlns="http://www.loc.gov/MARC21/slim">

  <leader>00877nam2a22002171  4500</leader>
  <controlfield tag="001">RU\NLR\A1SV\100405</controlfield>
  <controlfield tag="005">20251203152403.2</controlfield>
  <datafield tag="035" ind1=" " ind2=" ">
    <subfield code="a">(NLR Aleph) 009781758</subfield>
  </datafield>
  <datafield tag="090" ind1=" " ind2=" ">
    <subfield code="a">13485627</subfield>
    <subfield code="c">13485627</subfield>
  </datafield>
  <datafield tag="100" ind1=" " ind2=" ">
    <subfield code="a">20091224d1923    u  y0rusy50      ca</subfield>
  </datafield>
  <datafield tag="101" ind1="0" ind2=" ">
    <subfield code="a">rus</subfield>
  </datafield>
  <datafield tag="200" ind1="0" ind2=" ">
    <subfield code="a">&#x412;&#x44B;&#x43F;.1</subfield>
  </datafield>
  <datafield tag="210" ind1=" " ind2=" ">
    <subfield code="d">1923</subfield>
  </datafield>
  <datafield tag="215" ind1=" " ind2=" ">
    <subfield code="a">[4], VII, [1], 202 &#x441;.</subfield>
  </datafield>
  <datafield tag="461" ind1=" " ind2="1">
    <subfield code="1">001RU\NLR\A1SV\11925</subfield>
    <subfield code="1">2000#$a&#x41E;&#x431;&#x449;&#x430;&#x44F; &#x431;&#x43E;&#x442;&#x430;&#x43D;&#x438;&#x43A;&#x430;$f&#x41F;&#x440;&#x43E;&#x444;. &#x411;.&#x410;.&#x41A;&#x435;&#x43B;&#x43B;&#x435;&#x440;$v&#x412;&#x44B;&#x43F;.1</subfield>
    <subfield code="1">700#1$a&#x41A;&#x435;&#x43B;&#x43B;&#x435;&#x440;$b&#x411;.&#x410;.$f1874-1945$g&#x411;&#x43E;&#x440;&#x438;&#x441; &#x410;&#x43B;&#x435;&#x43A;&#x441;&#x430;&#x43D;&#x434;&#x440;&#x43E;&#x432;&#x438;&#x447;</subfield>
    <subfield code="9">9766179</subfield>
    <subfield code="a">&#x41A;&#x435;&#x43B;&#x43B;&#x435;&#x440;, &#x411;.&#x410;. (1874-1945)</subfield>
    <subfield code="c">&#x412;&#x43E;&#x440;&#x43E;&#x43D;&#x435;&#x436;</subfield>
    <subfield code="d">1923-1924</subfield>
    <subfield code="f">&#x41F;&#x440;&#x43E;&#x444;. &#x411;.&#x410;.&#x41A;&#x435;&#x43B;&#x43B;&#x435;&#x440;</subfield>
    <subfield code="n">&#x420;&#x435;&#x434;.-&#x438;&#x437;&#x434;. &#x43A;&#x43E;&#x43C;. &#x41D;&#x430;&#x440;&#x43A;&#x43E;&#x43C;&#x437;&#x435;&#x43C;&#x430; &#x421;&#x440;&#x435;&#x434;&#x43D;&#x435;&#x447;&#x435;&#x440;&#x43D;&#x43E;&#x437;&#x435;&#x43C;. &#x43E;&#x431;&#x43B;.</subfield>
    <subfield code="t">&#x41E;&#x431;&#x449;&#x430;&#x44F; &#x431;&#x43E;&#x442;&#x430;&#x43D;&#x438;&#x43A;&#x430;</subfield>
    <subfield code="v">&#x412;&#x44B;&#x43F;.1</subfield>
  </datafield>
  <datafield tag="801" ind1=" " ind2="0">
    <subfield code="a">RU</subfield>
    <subfield code="b">NLR</subfield>
    <subfield code="c">20091224</subfield>
  </datafield>
  <datafield tag="852" ind1=" " ind2=" ">
    <subfield code="a">NLR</subfield>
    <subfield code="j">5/94</subfield>
  </datafield>
  <datafield tag="942" ind1=" " ind2=" ">
    <subfield code="c">BOOK</subfield>
  </datafield>
  <datafield tag="980" ind1=" " ind2=" ">
    <subfield code="a">A1SV</subfield>
  </datafield>
  <datafield tag="980" ind1=" " ind2=" ">
    <subfield code="a">NB</subfield>
  </datafield>
</record>
